00294nam a2200133Ia 4500003000900000008004100009040001300050040001300063245003600076245001100112260002300123300000800146490000600154IT-RoPAU120407s9999 xx 000 0 und d aIT-RoPAU cIT-RoPAU aGiovanni XXIII e il Vaticano II cAA.VV. aSan Paolo Edizioni c cm v1